00438nam a2200169Ia 4500003000400000008004100004040001600045082001600061100002000077245005500097260004200152300001000194650001300204650001200217650001700229650002200246GCL140319s9999 xx 000 0 eng d aGCL / cGCL04a255.53bL J1 aLACOUTURE, JEAN10aJESUITES: UNE MULTI BIOGRAPHIE / cLACOUTURE, JEAN a[S.N] : bEDITIONS DU SEUIL ، c1991 a618 P04aRELIGION04aTESUITS04aCHRISTIANITY04aCHILDREN - CHURCH